000 00443nam a2200193Ia 4500
008 151119s9999||||xx |||||||||||||| ||und||
082 _a28.5
082 _bGKKV20859
100 _aENID BLYTON
245 _aFIVE GO TO SMUGGLERS TOP
260 _a--
260 _b--
260 _c0
600 _aENID BLYTON
630 _aFIVE GO TO SMUGGLERS TOP
700 _aENID BLYTON
730 _aFIVE GO TO SMUGGLERS TOP
942 _cBOOK
999 _c1073718
_d1073715